Score 0/30 Timer 04:00
0 Plays Today
Hint Answer % Correct
Ben StillerMeet
96.6%
Martin SheenCatch
96.6%
Will SmithMen
96.3%
Will SmithWest
95.4%
Kevin SpaceySuspects
94.6%
Ben StillerMuseum
94.6%
Martin SheenStreet
94.5%
Arnold SchwarzeneggerConan
94.5%
Kevin SpaceyAmerican
92.6%
Arnold SchwarzeneggerKindergarten
87.7%
Will SmithIndependence
85.1%
Kevin SpaceyConfidential
85%
Will SmithEnemy
83.3%
Kevin SpaceyGlen
82.1%
Arnold SchwarzeneggerLies
81.3%
Hint Answer % Correct
Sylvester StalloneBlood
80.8%
Ben StillerTropic
80.2%
Will SmithLegend
79.8%
Ben StillerBites
77.5%
Kevin SpaceyReturns
72.9%
Arnold SchwarzeneggerJudgment
72.7%
Sylvester StalloneDredd
71.4%
Martin SheenApocalypse
69.5%
Sylvester StalloneMom
68.2%
Ben StillerTenenbaums
62.9%
Arnold SchwarzeneggerDays
61.2%
Martin SheenSpider-Man
40.3%
Sylvester StalloneCop
38.8%
Martin SheenZone
36.5%
Sylvester StalloneBullet
33.8%

Today's Daily Dose

Remove Ads.
Support Sporcle.
Get the best of Sporcle when you Go Orange. This ad-free experience offers more features, more stats, and more fun while also helping to support Sporcle. Thank you for becoming a member.

You're not logged in!

Compare scores with friends on all Sporcle quizzes.
OR
Log In

Show Comments

Extras

Top Quizzes Today


Score Distribution

Your Account Isn't Verified!

In order to create a playlist on Sporcle, you need to verify the email address you used during registration. Go to your Sporcle Settings to finish the process.

Report this User

Report this user for behavior that violates our Community Guidelines.

Details: